000 00549ntaaa2200181 4500
003 01
005 20251027202318.0
008 0714s1973 ag 01
040 _aAR-BaBN
_bspa
_cAR-BaBN
_eaacr
_dRIC
082 _a280.1000 R85
245 _aUpsala 1968
250 _a1 ed.
260 _aSalamanca :
_bEdiciones Sígueme,
_c1969
300 _a301 p
500 _aContiene los cuatro discursos que pretende despertar interés en conocer el gran acontecimiento ecuménico que se llama "UPSALA 68"
650 _aConcilio ecuménico
_911588
942 _cBK
999 _c17934
_d17934